Communication strategies for job satisfaction and employee engagement in Indian it sector (Record no. 91793)

000 -LEADER
fixed length control field 00432pab a2200157 454500
008 - FIXED-LENGTH DATA ELEMENTS--GENERAL INFORMATION
fixed length control field 180718b2010 xxu||||| |||| 00| 0 eng d
100 ## - MAIN ENTRY--PERSONAL NAME
Personal name Jain, Neera
245 ## - TITLE STATEMENT
Title Communication strategies for job satisfaction and employee engagement in Indian it sector
260 ## - PUBLICATION, DISTRIBUTION, ETC.
Date of publication, distribution, etc. 2010
300 ## - PHYSICAL DESCRIPTION
Extent p.97-125.
650 ## - SUBJECT ADDED ENTRY--TOPICAL TERM
Topical term or geographic name entry element Job satisfaction
700 ## - ADDED ENTRY--PERSONAL NAME
Personal name Malhotra, Puneet
773 ## - HOST ITEM ENTRY
Main entry heading Management and Change
908 ## - PUT COMMAND PARAMETER (RLIN)
Put command parameter N
909 ## -
-- 91793
Holdings
Withdrawn status Lost status Damaged status Not for loan Permanent Location Current Location Date acquired Serial Enumeration / chronology Barcode Date last seen Price effective from Koha item type
        Indian Institute of Public Administration Indian Institute of Public Administration 2018-07-19 Volume no: 14, Issue no: 2 AR92253 2018-07-19 2018-07-19 Articles

Powered by Koha